000 00731nam a2200205 a 4500
001 000003569
005 20240412074201.0
008 090710s2008 dr 000 0 spa d
020 _a9789945162004
040 _aDO-SdBNP
_bspa
_cBNPHU
082 _aRD863.5
_bR896i
100 1 _aRubiera Poss, Emil
_911026
245 1 3 _aLa integración imprevista :
_bnovela en que el amor se auxilia de la locura y el milagro /
_cEmil Rubiera Poss.
260 _aSanto Domingo :
_bFomento lector,
_c2008.
300 _a145 p. ;
_c21 cm.
500 _aIncluye datos biográficos del autor en la solapa de la cubierta
650 0 _aCuentos dominicanos
_9176
650 0 _aLiteratura dominicana.
_967
910 _aValidado. Control de calidad MMOLINA
999 _c3393
_d3393